000 00202 a2200097 4500
001 3004
100 _aBueche, J
245 _aPrenciples of physics
260 _a
_bMc Graw-hill
_c
090 _c2289
_d2289
942 _aNUST-CAE
_cM
_c14324
999 _c238077
_d238077